Impuesto de sellos (Registro nro. 1044)

Detalles MARC
000 -LEADER
fixed length control field 01151 a2200193 4500
001 - CONTROL NUMBER
control field 22693
005 - DATE AND TIME OF LATEST TRANSACTION
control field 20260407155517.0
008 - FIXED-LENGTH DATA ELEMENTS--GENERAL INFORMATION
fixed length control field 260407a1976 arg spa d
003 - CONTROL NUMBER IDENTIFIER
control field AR-UNSa-BCEJYS
040 ## - CATALOGING SOURCE
Original cataloging agency AR-UNSa-BCEJYS
Language of cataloging spa
Transcribing agency AR-UNSa-BCEJYS
080 ## - UNIVERSAL DECIMAL CLASSIFICATION NUMBER
Universal Decimal Classification number 336.226.2
Common auxiliary subdivision Impuestos sobre las propiedades (Impuestos de sellos)<br/>
100 1# - MAIN ENTRY--PERSONAL NAME
Personal name Díaz, Vicente O.
245 10 - TITLE STATEMENT
Title Impuesto de sellos
Name of part/section of a work aspectos económicos y jurídicos
264 #1 - PRODUCTION, PUBLICATION, DISTRIBUTION, MANUFACTURE, AND COPYRIGHT NOTICE
Place of production, publication, distribution, manufacture Buenos Aires :
Name of producer, publisher, distributor, manufacturer Cangallo
Date of production, publication, distribution, manufacture, or copyright notice 1976
300 ## - PHYSICAL DESCRIPTION
Extent 307 p.
Dimensions 23 cm.
505 ## - FORMATTED CONTENTS NOTE
Formatted contents note 1. Naturaleza del gravamen - 2. Hecho imponible del impuesto - 3. Base de imposición - 4. Actos de contenido singular o plural - 5. Eficacia de la ley de sellos en el tiempo y en el esapcio - 6. Contratos entre ausentes - 7. Distintos supuestos del derecho obligacinal - 8. Operaciones con inmuebles - 9. Obligaciones accesorias - 10. Compraventa y cesión de derechos - 11. Pagos por subrogación - 12. Sociedades - 13. Otros instrumentos y operaciones - 14. Operaciones de bolsa, moentarias y cambiarias - 15. Exenciones - 16. Ilicitos fiscales - 17. Consulta fiscal.
590 ## - LOCAL NOTE (RLIN)
Local note niveau_biblio:m niveau_hierar:0
942 ## - ADDED ENTRY ELEMENTS (KOHA)
Koha item type
Existencias
Withdrawn status Lost status Damaged status Not for loan Home library Current library Shelving location Date acquired Total checkouts Full call number Barcode Date last seen Price effective from Koha item type
        Biblioteca Prof. Eusebio Cleto del Rey Biblioteca Prof. Eusebio Cleto del Rey   07/04/2026   336.226.2 D542 L44300 07/04/2026 07/04/2026 Libro